Gaming Quiz

Random Gaming or Video Games Quiz

World of Warcraft Chef challenge Quiz Stats

Quiz not verified by Sporcle

Also try: First Pokémon A-Z
Challenge
Share
Tweet
Embed
Score 0/10 Timer 10:00
0 Plays Today
Hint Answer % Correct
charred wolf meat - ?stringy wolf meat
100%
herb baked egg - ? and mild spices small egg
50%
boiled clams - clam meat and ?refreshing spring water
50%
roast raptor - ? and hot spicesraptor flesh
50%
bread of the dead - simple flour and ?ice cold milk
25%
golden fish sticks - ?golden darter
25%
grilled squid - ? and soothign spiceswinter squid
25%
westfall stew - stringy vulture meat, ? and goretusk snout murloc eye
0%
crab cake - ? and mild spicescrawler meat
0%
monster omelet - ? and 2 hot spicesgiant egg
0%

You're not logged in!

Compare scores with friends on all Sporcle quizzes.
Join for Free
OR
Log In

You Might Also Like...

Show Comments

Extras

Top Quizzes Today


Score Distribution

Your Account Isn't Verified!

In order to create a playlist on Sporcle, you need to verify the email address you used during registration. Go to your Sporcle Settings to finish the process.

Report this User

Report this user for behavior that violates our Community Guidelines.

Details: